| 000 | 00677nas a2200241Ia 4500 | ||
|---|---|---|---|
| 001 | R522/C4988 | ||
| 003 | IT-RoPAU | ||
| 008 | 151124c99999999xx |||||||||||| ||und|| | ||
| 040 | _aIT-RoPAU | ||
| 040 | _cIT-RoPAU | ||
| 041 | _aINGLESE | ||
| 100 |
_aAA.VV. _gCodice Aut. SPICS: 12000 |
||
| 210 | _aCOLORS | ||
| 222 | _aColors | ||
| 245 |
_aCOLORS, N.003 (1992) _bColors, N.003 (1992) |
||
| 250 | _a1a ed. | ||
| 260 |
_aTREVISO _bCOLORS _c1992 |
||
| 501 |
_bPaulus - SPICS - Società San Paolo EM (non-commercial uses only) _cCopyright2015 |
||
| 300 | _a76 p. | ||
| 362 | _aN.003 (1992) | ||
| 650 |
_aPUBBLICITA' - MARKETING _vPUBBLICAZIONE PERIODICA |
||
| 942 | _cCR | ||
| 999 |
_c187869 _d187869 |
||